LEADER 01318nam0 22003013i 450 001 SBL0315994 005 20231121125820.0 020 $aIT$b839605 100 $a20160725d1983 ||||0itac50 ba 101 | $aita 102 $ait 181 1$6z01$ai $bxxxe 182 1$6z01$an 200 1 $aSalute mentale e riforma sanitaria$fAmbretta Maria Vecchietti 210 $aMilano$cA. Giuffrè$d1983 215 $a288 p.$d25 cm. 225 | $aPubblicazioni della Facoltà di giurisprudenza$fUniversità di Macerata. 2. serie$v36 410 0$1001CFI0026395$12001 $aPubblicazioni della Facoltà di giurisprudenza$fUniversità di Macerata. 2. serie$v36$171201$aUniversità degli studi di Macerata$b : Facoltà di giurisprudenza$3CFIV009463 606 $aDiritto costituzionale$2FIR$3RMLC085481$9I 700 1$aVecchietti$b, Ambretta Maria$3MILV061195$4070$0229358 801 3$aIT$bIT-01$c20160725 850 $aIT-FR0098 899 $aBiblioteca Area Giuridico Economica$bFR0098 912 $aSBL0315994 950 0$aBiblioteca Area Giuridico Economica$d 53DSG 06/0616$e 53VM 0000259955 VM barcode:GIU0004163. - Inventario:6546VM$fA $h20010423$i20121204 977 $a 53 996 $aSalute mentale e riforma sanitaria$9579199 997 $aUNICAS